000 00777nam a22002177a 4500
999 _c16444
_d16444
003 AR-CdUCM
008 190409b ||||| |||| 00| 0 spa d
040 _aMUNICIPALIDAD PROVINCIAL DEL CUSCO
_cBIBLIOTECA MUNICIPAL DEL CUSCO
082 _a301 /
_bAD237
100 _aAdler, Alfred
_923317
245 _aEl sentido de la vida /
260 _aChile :
_bCultura,
300 _a238 páginas ;
_c19 cm.
440 _aColección hombres e ideas
_930521
505 _aContenido: Nuestra opinión acerca de nosotros mismos y del mundo -- Medios y caminos psicológicos para la exploración del estilo de vida -- Los problemas de la vida ...
650 _aPsicología
_91538
650 _aVida
_9884
650 _aHombre
_9838
942 _2ddc
_cLIBROS
945 _arah
_d03/05/2019